| 000 | 00893cam a2200157 a 4500 | ||
|---|---|---|---|
| 020 | _a0784401152 | ||
| 082 | 0 | 0 |
_a693.1021873 _bBUL _cL-39, P-192 |
| 245 | 0 | 0 |
_aBuilding code requirements for masonry structures (ACI 530-95/ASCE 5-95/TMS 402-95) ; _bSpecification for masonry structures (ACI 530.1-95/ASCE 6-95/TMS 602-95) ; Commentary on Building code requirements for masonry structures (ACI 530-95/ASCE 5-95/TMS 402-95) ; Commentary on specification for masonry structures (ACI 530.1-95/ASCE 6-95/TMS 602-95) / _c[reported by the Masonry Standards Joint Committee]. |
| 260 |
_aDetroit, Mich. : _bAmerican Concrete Institute, _cc1996. |
||
| 300 |
_a1 v. (Various pagings) : _bill. ; _c28 cm. |
||
| 526 |
_a0 _b0 _c0 _d693_102187300000000_BUL |
||
| 650 | 0 |
_aMasonry _xStandards _zUnited States. _945536 |
|
| 650 | 0 |
_aMCE _9379 |
|
| 710 | 2 |
_aMasonry Standards Joint Committee. _946777 |
|
| 942 |
_2ddc _cBK |
||
| 999 |
_c550007 _d550007 |
||